Szczegóły MARC21

Psychologia turystyki /

003 -Nazwa inst., której nr kontr. jest w polu 001 [,]
    • @
    • Nazwa instytucji, której n kontrolny jest w polu 001
    • NUKAT
005 -DATA I CZAS OSTATNIEJ MODYFIKACJI [,]
    • @
    • pole kontrolne
    • 20241231113436.0
020 -Międzynarod. znormalizowany nr książki - ISBN [ , ]
    • a
    • Numer ISBN
    • 9788360501085 Find
040 -Instytucja sporządzająca opis [ , ]
    • a
    • Instytucja, która sporządziła opis (NP)
    • TOR U/MS
    • c
    • Instytucja, która sporządziła rekord (NP)
    • TOR U/MS
    • d
    • Instytucja, która zmodyfikowała rekord (P)
    • TOR U/LF
    • d
    • Instytucja, która zmodyfikowała rekord (P)
    • WA U/96hjcs
    • d
    • Instytucja, która zmodyfikowała rekord (P)
    • KR 122/MN
942 -Rodzaj dokumentu [ , ]
    • c
    • Rodzaj dokumentu
    • Książka
100 -Hasło główne - nazwa osobowa [1, ]
    • a
    • Nazwa osobowa (NP)
    • Winiarski, Ryszard.
    • 9
    • KHW
    • 21111
245 -Strefa tytułu i oznaczenia odpowiedzialności [1,0]
    • a
    • Tytuł
    • Psychologia turystyki / Find
    • c
    • Pozostałe elementy strefy tytułu i oznaczenia odpowiedzialności (NP)
    • Ryszard Winiarski, Janusz Zdebski ; kom. nauk. Danuta Kądzielawa [et al.].
260 -Strefa adresu wydawniczego [ , ]
    • a
    • Miejsce wydania (P)
    • Warszawa :
    • b
    • Nazwa wydawcy (P)
    • Wydawnictwa Akademickie i Profesjonalne,
    • c
    • Data wydania (P)
    • cop. 2008.
300 -Strefa opisu fizycznego [ , ]
    • a
    • Określenie formy książki i/lub objętość (NP)
    • 152 s., [32] s. tabl. kolor. ;
    • c
    • Format (NP)
    • 24 cm.
336 -Typ zawartości [ , ]
    • a
    • Termin opisujący typ zawartości
    • Tekst
    • b
    • Kod określający zawartość
    • txt
    • 2
    • Źródło (terminu i kodu)
    • rdacontent
337 -Typ mediów [ , ]
    • a
    • Tryb odtwarzania
    • Bez urządzenia pośredniczącego
    • b
    • Kod typu mediów
    • n
    • 2
    • Źródło (terminu i kodu)
    • rdamedia
338 -Typ/rodzaj nośnika [ , ]
    • a
    • Hasło opisujące typ nośnika
    • Wolumin
    • b
    • Kod typu nośnika
    • nc
    • 2
    • Źródło (terminu i kodu)
    • rdacarrier
490 -Strefa serii i książki wielotomowej - forma nie do wyszukiwania [1, ]
    • a
    • Tytuł (P)
    • Psychologia Wobec Współczesności : psychologia biegu życia Find
830 -Hasło dodatkowe serii i opisu książki wielotomowej - tytuł ujednolicony/tytuł [ ,0]
    • a
    • Tytuł ujednolicony/tytuł (NP)
    • Psychologia Wobec Współczesności
    • 9
    • KHW
    • 516050
504 -Uwaga dot. bibliogr. załącznikowej [ , ]
    • a
    • Uwaga dot. bibliografii załącznikowej
    • Bibliogr. s. 136-144. Indeksy.
521 -Uwaga dot. przeznaczenia czytelniczego [8, ]
    • a
    • Uwaga dot. przeznaczenia czytelniczego
    • Podręcznik dla studentów psychologii, psychologii stosowanej, zarządzania turystyką, turystyki i rekreacji, a także nauczycieli akademickich i praktyków z branży turystycznej.
530 -Uwaga dot. innej postaci fizycznej dokumentu [ , ]
    • a
    • Uwaga dot. innej postaci fizycznej dokumentu
    • Dostępne również w formie elektronicznej.
080 -Uniwersalna Klasyfikacja Dziesiętna [ , ]
    • 2
    • Identyfikator wydania tablic
    • UDC-P058
    • a
    • Symbol klasyfikacji
    • 338.482:159.9
    • b
    • Dopowiedzenie
    • Psychologia turystyki.
    • x
    • Poddział wspólny
    • (075.8)
    • b
    • Dopowiedzenie
    • (Podręczniki dla szkół wyższych. Skrypty).
650 -Hasło przedmiotowe [ ,7]
    • a
    • Hasło przedmiotowe
    • Turystyka
    • x
    • Określnik rzeczowy
    • aspekt społeczny
    • v
    • Określnik formalny
    • podręczniki akademickie.
    • 2
    • Źródło terminu
    • kaba
    • 9
    • KHW
    • 360999
650 -Hasło przedmiotowe [ ,7]
    • a
    • Hasło przedmiotowe
    • Turystyka
    • x
    • Określnik rzeczowy
    • aspekt psychologiczny
    • v
    • Określnik formalny
    • podręczniki akademickie.
    • 2
    • Źródło terminu
    • kaba
    • 9
    • KHW
    • 368228
980 -Symbol UKD [ , ]
    • a
    • UKD
    • 338.482:159.9](075.8)
700 -Hasło dodatkowe - nazwa osobowa [1, ]
    • a
    • Nazwa osobowa (NP)
    • Zdebski, Janusz Find
    • d
    • Daty biograficzne (NP)
    • (1944- ).
    • 9
    • KHW
    • 94685
700 -Hasło dodatkowe - nazwa osobowa [1, ]
    • a
    • Nazwa osobowa (NP)
    • Kądzielawa, Danuta Find
    • d
    • Daty biograficzne (NP)
    • (1944- ).
    • e
    • Określenie rodzaju współpracy
    • Red.
    • 9
    • KHW
    • 92355
856 -Dostęp do wersji elektronicznej [4,1]
920 -ISBN [ , ]
    • a
    • ISBN
    • 978-83-60501-08-5 Find
Lokalizacja Data inwentaryzacji Numer inwentarzowy Status udost.
BG2008-05-06Z.1107891
BG2008-10-06WM.8572-3
BG2008-10-06WM.8573-3
BG2008-10-06WM.8574-3
BG2008-10-06WM.8575-3
BG2008-10-06WM.8576-3
BG2008-11-24Pd.19672-3
T2008-05-06T.10031-2